Statistics for 香港主要行車隧道

Click here to take the quiz!

General Stats

  • This quiz has been taken 36 times
    (20 since last reset)
  • The average score is 16 of 23

Answer Stats

通車年份連接隧道% Correct
1972銅鑼灣 - 紅磡海底隧道
94%
1989鰂魚涌 - 茶果嶺東區海底隧道
94%
1997西營盤 - 西九龍西區海底隧道
94%
1967九龍塘 - 沙田大圍獅子山隧道
88%
1991鑽石山 - 沙田小瀝源大老山隧道
88%
1982跑馬地 - 黃竹坑香港仔隧道
76%
1990秀茂坪 - 將軍澳將軍澳隧道
76%
1997青衣島長青邨 - 青衣西北交匯處長青隧道
76%
2020屯門 - 港珠澳大橋香港口岸人工島屯門赤鱲角隧道
71%
2008長沙灣蝴蝶谷 - 沙田大圍尖山隧道
71%
2022將軍澳 - 藍田將藍隧道
71%
1982土瓜灣 - 九龍灣啟德隧道
71%
1990荃灣梨木樹 - 沙田大圍城門隧道
71%
1998汀九 - 八鄉大欖隧道
65%
2008長沙灣蝴蝶谷 - 沙田大圍大圍隧道
65%
2009青衣島南灣角 - 青衣島西草灣南灣隧道
59%
2018赤鱲角機場島轉向站側 - 機場島新填海區觀景山隧道
59%
2000小蠔灣 - 愉景灣愉景灣隧道
59%
2008長沙灣蝴蝶谷 - 沙田大圍沙田嶺隧道
53%
2019中環 - 北角東區走廊中環及灣仔繞道
47%
2019九龍坑 - 萊洞龍山隧道
41%
2018港珠澳大橋香港口岸 - 赤鱲角機場路機場隧道
35%
2019萊洞 - 坪輋五洲路長山隧道
35%

Score Distribution

Percentile by Number Answered

Percent of People with Each Score

Your Score History

You have not taken this quiz since the last reset